<?xml version="1.0" encoding="UTF-8"?>
<record
    xmlns:xsi="http://www.w3.org/2001/XMLSchema-instance"
    xsi:schemaLocation="http://www.loc.gov/MARC21/slim http://www.loc.gov/standards/marcxml/schema/MARC21slim.xsd"
    xmlns="http://www.loc.gov/MARC21/slim">

  <leader>01562nam a2200253Ia 4500</leader>
  <controlfield tag="003">OSt</controlfield>
  <controlfield tag="005">20211001110155.0</controlfield>
  <controlfield tag="008">210310s1997    ck     gr     000 0 spa d</controlfield>
  <datafield tag="040" ind1=" " ind2=" ">
    <subfield code="a">CO-JMCR</subfield>
    <subfield code="c">CO-JMCR</subfield>
  </datafield>
  <datafield tag="041" ind1="0" ind2=" ">
    <subfield code="a">spa</subfield>
  </datafield>
  <datafield tag="082" ind1="0" ind2="4">
    <subfield code="a">305.42 / </subfield>
    <subfield code="b">F673p</subfield>
    <subfield code="2">23</subfield>
  </datafield>
  <datafield tag="110" ind1="2" ind2=" ">
    <subfield code="a">Fondo de Cofinanciaci&#xF3;n para la Inversi&#xF3;n Rural </subfield>
    <subfield code="9">40889</subfield>
  </datafield>
  <datafield tag="245" ind1="1" ind2="0">
    <subfield code="a">Perspectiva de genero : </subfield>
    <subfield code="b">gu&#xED;a para la formulaci&#xF3;n de proyectos /</subfield>
    <subfield code="c">Fondo de cofinanciaci&#xF3;n para la inversi&#xF3;n rural-DRI, Ministerio de Agricultura y Desarrollo Rural </subfield>
  </datafield>
  <datafield tag="260" ind1=" " ind2=" ">
    <subfield code="a">Bogot&#xE1; : </subfield>
    <subfield code="b">Fondo DRI, </subfield>
    <subfield code="c">1997.</subfield>
  </datafield>
  <datafield tag="300" ind1=" " ind2=" ">
    <subfield code="b">90 p&#xE1;ginas : </subfield>
    <subfield code="a">ilustraciones y gr&#xE1;ficas en blanco y negro ; </subfield>
    <subfield code="c">24 cm.</subfield>
  </datafield>
  <datafield tag="490" ind1=" " ind2=" ">
    <subfield code="a">Serie fortalecimiento institucional</subfield>
  </datafield>
  <datafield tag="505" ind1=" " ind2=" ">
    <subfield code="a">Contexto y financiaci&#xF3;n. -- Elaboraci&#xF3;n de proyectos con perspectivas de g&#xE9;nero. -- Las metodolog&#xED;as del banco de proyectos de inversi&#xF3;n nacional. -- La ficha de viabilizar&#xED;an de proyectos con perspectiva de g&#xE9;nero.  </subfield>
  </datafield>
  <datafield tag="520" ind1=" " ind2=" ">
    <subfield code="a">presente documento sirve de apoyo a las entidades territoriales y a las organizaciones gubernamentales y no gubernamentales, para la formulaci&#xF3;n de proyectos que pretendan lograr la equidad entre hombres y mujeres.
Ilustra algunos procedimientos a seguir para acceder de manera m&#xE1;s equitativa, a los recursos de cofinanciaci&#xF3;n.</subfield>
  </datafield>
  <datafield tag="650" ind1="1" ind2="4">
    <subfield code="a">Perspectiva de g&#xE9;nero </subfield>
    <subfield code="x">Sector rural</subfield>
    <subfield code="9">40890</subfield>
  </datafield>
  <datafield tag="650" ind1="2" ind2="4">
    <subfield code="a">Elaboraci&#xF3;n de proyectos </subfield>
    <subfield code="x">Sector rural </subfield>
    <subfield code="9">40891</subfield>
  </datafield>
  <datafield tag="650" ind1="2" ind2="4">
    <subfield code="a">Banco de proyectos </subfield>
    <subfield code="x">Sector rural</subfield>
    <subfield code="9">40892</subfield>
  </datafield>
  <datafield tag="710" ind1="2" ind2=" ">
    <subfield code="a">Ministerio de Agricultura y Desarrollo Rural </subfield>
    <subfield code="e">autor </subfield>
    <subfield code="9">40009</subfield>
  </datafield>
  <datafield tag="942" ind1=" " ind2=" ">
    <subfield code="2">ddc</subfield>
    <subfield code="c">BK</subfield>
  </datafield>
  <datafield tag="999" ind1=" " ind2=" ">
    <subfield code="c">12547</subfield>
    <subfield code="d">12547</subfield>
  </datafield>
  <datafield tag="952" ind1=" " ind2=" ">
    <subfield code="0">0</subfield>
    <subfield code="1">0</subfield>
    <subfield code="2">ddc</subfield>
    <subfield code="4">0</subfield>
    <subfield code="7">0</subfield>
    <subfield code="a">CPL</subfield>
    <subfield code="b">CPL</subfield>
    <subfield code="c">GEN</subfield>
    <subfield code="d">2018-04-15</subfield>
    <subfield code="e">Donaci&#xF3;n</subfield>
    <subfield code="l">1</subfield>
    <subfield code="o">305.42 / F673p</subfield>
    <subfield code="p">430004847</subfield>
    <subfield code="r">2024-05-16 00:00:00</subfield>
    <subfield code="s">2022-08-16</subfield>
    <subfield code="t">Ej.1</subfield>
    <subfield code="w">2021-03-10</subfield>
    <subfield code="y">BK</subfield>
  </datafield>
</record>
